| 000 | 00689nam a22002297a 4500 | ||
|---|---|---|---|
| 005 | 20170124110023.0 | ||
| 010 | _aA-684684 | ||
| 020 |
_c00.00 _a8170232708 |
||
| 035 | _aA-684684 | ||
| 037 | _bCen Lib/Ret | ||
| 040 |
_aDPL _bEN |
||
| 082 |
_a607.2 _bPIT |
||
| 100 |
_aPitroda, Sam _920116 |
||
| 245 |
_aExploding freedom : _cby Sam Pitroda _broots in technology / |
||
| 260 |
_aNew Delhi _bAlllied Publishers Limited _c1993 |
||
| 270 |
_a13/14 Asaf Ali Marg _bNew Delhi _e110002 |
||
| 300 |
_axv,192p. _c23cm(Hb) |
||
| 500 | _aIncludes index. | ||
| 650 |
_aTechnology _93711 |
||
| 650 |
_aTechnology--Political aspects _920117 |
||
| 942 |
_2ddc _cEN _h607.2 _mPIT |
||
| 999 |
_c127313 _d127313 |
||